Religious behavior ; where sociology and religion meet /

Bibliographic Details
Main Author: Whitley, Oliver Read
Format: Book
Language:English
Published: Englewood Cliffs, N. J. : Prentice-Hall, [1964]
Subjects:

MARC

Tag First Indicator Second Indicator Subfields
LEADER 00000cam a2200000 4500
001 in00000060964
005 20151008051050.0
008 740521s1964 eng u
010 |a  64008062  
035 |a (OCoLC)00891783 
035 |9 AAG5433AM 
040 |c TOL  |d TXA  |d UtOrBLW 
049 |a TXAM  |c [460510] 
050 0 0 |a BL60  |b .W5 
092 |a 201  |b W613r 
100 1 |a Whitley, Oliver Read. 
245 1 0 |a Religious behavior ;  |b where sociology and religion meet /  |c by Oliver R. Whitley. 
264 1 |a Englewood Cliffs, N. J. :  |b Prentice-Hall,  |c [1964] 
264 4 |c [©1964] 
336 |a text  |b txt  |2 rdacontent 
337 |a unmediated  |b n  |2 rdamedia 
338 |a volume  |b nc  |2 rdacarrier 
650 0 |a Religion and sociology. 
999 |a MARS 
999 f f |s ecc26e87-b8aa-303c-b01e-92c166f03d26  |i 22b28ac2-60ef-3257-badd-bfb7735805b1  |t 0 
952 f f |p ric  |a Texas A&M University  |b Rellis Campus  |c Joint Library Facility  |d Remote Storage  |t 0  |e BL60 .W5  |h Library of Congress classification  |i unmediated -- volume  |m A14800598597 
998 f f |a BL60 .W5  |t 0  |l Remote Storage